000 01695nam a2200433 i 4500
001 14844
003 KOSZ 005
005 20210319141138.0
008 070608s1972 pl a f 001 0 pol
015 _aPB 1972/9476
035 _a991036903879705066
035 _a(PL-WaBN)b19904526-48omnis_nlop
035 _ab19904526
035 _a(OCoLC)830888811
035 _a(PL)b0000001990452
035 _a(EXLNZ-48OMNIS_NETWORK)9910168868805606
040 _aWA N
_cWA N
_dKOSZ 005/KK
080 _a681.3
100 1 _aNowak, Eugeniusz
_d(1946- )
_eAutor
245 1 0 _aPamięci maszyn cyfrowych :
_bkonstrukcja i technologia /
_cEugeniusz Nowak, Zygmunt Sawicki.
260 _aWarszawa :
_bWydawnictwa Naukowo-Techniczne,
_c1972.
300 _a325, [3] strony :
_bilustracje ;
_c23 cm.
336 _2rdacontent
_aTekst
_btxt
337 _2rdamedia
_aBez urządzenia pośredniczącego
_bn
338 _2rdacarrier
_aWolumin
_bnc
380 _aKsiążki
388 _a1901-2000
490 1 _aInformatyka. Przetwarzanie Informacji i Maszyny Matematyczne
504 _aBibliografia na stronach 319-320. Indeks
546 _aSpis treści także w języku angielskim, rosyjskim.
658 _aInformatyka i technologie informacyjne
650 7 _aPamięci komputerowe
_2DBN
700 1 _aSawicki, Jacek Zygmunt
_d(1957- )
_eAutor
710 2 _aWydawnictwa Naukowo-Techniczne
_4pbl
856 _uhttp://koha.tu.koszalin.pl/cgi-bin/koha/opac-detail.pl?biblionumber=14844
_yKatalog online BPK
830 0 _aInformatyka - Wydawnictwa Naukowo-Techniczne
_pPrzetwarzanie Informacji i Maszyny Matematyczne
942 _2UKD
_cKS
999 _c14844
_d14844